000 00739nam a22002417a 4500
003 UA-OsUOA
001 30798
007 ta
008 20041115b un ||||| |||| 00| 0 ukr d
090 _a82.09
_bС56
942 _cBK
040 _aUA-OsUOA
_brus
_cUA-OsUOA
_dUA-OsUOA
245 _aСоветские писатели
_bавтобиографии в двух томах
_cСост. Б. Я.Брайнина, Е. Ф.Никитина
300 _a760 с.
_bІлюстрації
955 _a2
041 _arus
080 _a82.09
260 _aМосква
_bГослитиздат
_c1959
246 3 1 _aТ. II
_n
044 _aRU
650 7 _a82 Література. Літературознавство
_2UDC
999 _c317213
_d317213